Quero falar-te dos meus sentimentos (Record no. 46182)

MARC details
000 -Etiqueta do registo
Valores 00732cam a2200265 4500
010 ## - Número ISBN
ISBN 9728683030
021 ## - Número do Depósito Legal
Número 178017/02
100 ## - Dados gerais de processamento
Dados gerais 20020827d2002 ma y0pory5003 ba
101 1# - Língua de publicação
Língua por
102 ## - País de publicação
País PT
200 1# - Titulo e menção de responsabilidade
Título próprio Quero falar-te dos meus sentimentos
Primeira menção de responsabilidade Mamoru Itoh
Outras menções de responsabilidade il. Hiromi Isogawa
-- trad. Gabriela Morais
205 ## - Menção da edição
Edição 2.ª ed.
210 #9 - Publicação
Local de publicação Pero Pinheiro
Nome do editor Entre Letras,
Data de publicação 2002
215 ## - Descrição física 
Paginação / Volumes 76 p.
Outras indicações físicas il.
Dimensões 16 cm
304 ## - Nota relativa ao título
Texto de nota Tít. orig.: I want to tell you about my feelings
675 ## - CDU
Notação 159.9
675 ## - CDU
Notação 087.5
675 ## - CDU
Notação 821.521-84"20"
700 #1 - Autor principal
Apelido Itoh,
Nome Mamoru
702 #1 - Autor secundário
Apelido Isogawa,
Nome Hiromi
Função 440
702 #1 - Autor secundário
Apelido Morais,
Nome Gabriela,
Datas 1942-
Função 730
801 ## - Fonte de origem
País PT
Regras de catalogação RPC
990 ## - Elementos KOHA
Tipo de documento Livro
Holdings
Aquisição Empréstimo Código de barras Cota Permissão de empréstimo Tipo de documento
Biblioteca do Centro Escolar de Redondo Biblioteca do Centro Escolar de Redondo 83069 159.9 ITO PSIC. - SENTIM.S   Livro

Powered by Koha